| 000 | 00424 a2200157 4500 | ||
|---|---|---|---|
| 020 | _a8185386315 | ||
| 082 | _a658.4012 | ||
| 090 |
_c6575 _d6575 |
||
| 100 | _aPearce,John A. | ||
| 245 |
_aStrategic Management. _bStrategy Formulation and Impementation. _cJohn A.Pearce. |
||
| 250 | _a3rd. | ||
| 260 |
_aIndia. _bA.I.T.B.S. publishers. _c2004. |
||
| 300 | _a988p. | ||
| 500 | _aHard cover | ||
| 942 |
_aNBS _cBK _k658.4012 PEA |
||
| 999 |
_c348933 _d348933 |
||